| 000 | 01134nam a22003017a 4500 | ||
|---|---|---|---|
| 003 | URS | ||
| 005 | 20250507213727.0 | ||
| 008 | 250507b |||||||| |||| 00| 0 eng d | ||
| 020 | _a9789710388394 | ||
| 040 |
_bEnglish _cURS _erda |
||
| 050 |
_aTX335 _b.C766 2007 |
||
| 245 |
_aThe Consumer's tree (an alternative approach to appreciating economics) / _cMaria Bernadette A. De Jesus... [and six others.] |
||
| 264 |
_aandaluyong City : _bBooks Atbp Publishing Corp., _c©2007. |
||
| 300 |
_a201 pages : _billustrations ; _c22 cm. |
||
| 336 |
_atext _btxt _2rdacontent |
||
| 337 |
_aunmediated _bn _2rdamedia |
||
| 338 |
_avolume _bnc _2rdacarrier |
||
| 504 | _aIncludes bibliographical references and index. | ||
| 650 | 0 |
_aConsumer education _95459 |
|
| 700 |
_aDe Jesus, Maria Bernadette A., _eauthor. _96196 |
||
| 700 |
_aCesar, Merriam B., _eauthor. _96197 |
||
| 700 |
_aMendoza, Anita E., _eauthor. _96198 |
||
| 700 |
_aMiranda, Alicia E., _eauthor. _96199 |
||
| 700 |
_aPelipada, Nelia M., _eauthor. _96200 |
||
| 700 |
_aRios, Donna Teresita M., _eauthor. _96201 |
||
| 700 |
_aSuyom, Emmanuel R., _eauthor. _96202 |
||
| 942 |
_2lcc _cF |
||
| 999 |
_c82850 _d82849 |
||